Departments of Gran Colombia on a Map - Statistics

General Stats
  • This quiz has been taken 65 times
  • The average score is 5 of 14
Answers on the Map
Answers color-coded by a green-red scale on the quiz's map according to % correct below.
 
Answer Stats
Answer % Correct
Ecuador
73%
Venezuela
64%
Guayaquil
61%
Cundinamarca
43%
Mosquito Coast
39%
Zulia
36%
Cauca
34%
Orinoco
32%
Magdalena
27%
Boyacá
23%
Isthmus
23%
Apure
20%
Azuay
20%
Maturín
9%
No matching quizzes found
Score Distribution
Percent of People with Each Score
Percentile by Number Answered
Your Score History
You have not taken this quiz